Die am wenigstbesuchten Länder der Welt - Statistiken

Allgemein
  • Dieses Quiz wurde 173 mal gespielt
  • Das Durchschnittsergebnis liegt bei 4 aus 10
Antwortstatistiken
Besucher Land % Korrekt
1.214 Tuvalu
79%
22.012 Amerikanisch-Samoa
66%
5.142 Marshallinseln
66%
6.375 Kiribati
61%
8.453 São Tomé und Príncipe
51%
22.315 Salomonen
46%
15.745 Komoren
40%
7.459 Niue
15%
24.854 Sierra Leone
11%
9.782 Montserrat
9%
Keine übereinstimmenden Quizze gefunden
Verteilung der Resultate
Anzahl Personen mit jedem Resultat
Perzentil nach korrekt beantworteten Fragen
Ihre Resultats-Entwicklung
Sie haben dieses Quiz noch nicht gespielt